| 000 | 00500nam a2200181Ia 4500 | ||
|---|---|---|---|
| 008 | 230711s9999||||xx |||||||||||||| ||und|| | ||
| 020 | _a978-0-07-107272-4 | ||
| 041 | _aENG | ||
| 082 |
_a621 _bMI-M |
||
| 100 | _aMillman,Late Jacob | ||
| 245 | 0 | _aMillman's pulse, digital and switching waveforms | |
| 250 | _a3rd . . Ed. | ||
| 260 |
_c2011 _aNew Delhi _bMcGraw Hill Education(India) Private Limited |
||
| 300 | _a632 | ||
| 650 | _aElectronics Engineering | ||
| 700 | _aTaub Herbert | ||
| 942 | _cBK | ||
| 999 |
_c4816 _d4816 |
||